000 00680cam a2200229 a 4500
001 000025004
005 20200930023513.0
008 901219s1993 sp a 000 e spa d
020 _a8433913700
040 _aDO-SdBNP
_bspa
_cBNPHU
082 _a864.64
_bP986v
100 1 _aPuértolas, Soledad,
_d1947-
_921933
245 1 3 _aLa vida oculta /
_cSoledad Puértolas.
260 _aBarcelona, (España) :
_bEditorial Anagrama,
_c1993.
300 _a297 p. ;
_c22 cm.
490 1 _aArgumentos,
_v140
586 _aXXI premio Anagrama de Ensayo
650 4 _aEnsayos españoles
_93095
650 4 _aLiteratura española
_9632
830 0 _aArgumentos,
_v140
_98962
049 _aBNGR
999 _c24497
_d24497